01857cam a22004217i 4500001000400000003000600004005001700010008004100027010001700068020003000085020002700115020003100142020002800173035002400201040010900225042001400334050002400348082001400372100002700386245004700413246003500460264003900495300002400534336002600558337002800584338002700612490003200639500006600671505000600737520048600743521003201229521001801261521001801279650004601297655001801343655002701361800004701388531FISKH20230926145006.0140903s2013 nyu j 000 1 eng d a 2014427027 a9780545418027 (paperback) a054541802X (paperback) a9781480609822 (Paw Prints) a148060982X (Paw Prints) a(OCoLC)ocn828485804 aBTCTAbengcBTCTAerdadYDXCPdBDXdWIMdFOLLTdWIMdFOLLTdJP3dIEPdUPZdIFKdAUMCSdOCLCQdDLCdFISKH alccopycat00aPZ7.S86037bDt 201304a813.62231 aStine, R. L.,eauthor.10aDr. Maniac will see you now /cR.L. Stine.3 aDoctor Maniac will see you now 1aNew York :bScholastic Inc.c2013. a136 pages ;c20 cm. atextbtxt2rdacontent aunmediatedbn2rdamedia avolumebnc2rdacarrier1 aGoosebumps most wanted ;v5 aThe most wanted list continues with a special edition inside. aF aThe infamous, Most Wanted Goosebumps characters are out on the loose and they're coming after you! Catch them all, undead or alive! The Most Wanted list continues with Dr. Maniac, the strangest doctor of them all. When a group of comic book characters appear in the real world, twelve-year-old Richard Dreezer, must track down Dr. Maniac to save the day. Straight from the comic book of your worst nightmares, this evil genius will make sure you leave sicker than when you arrived.2 aAppeals to 4th-6th graders.0 a410 bLexile0 aF bRaz-Plus 0aComic strip charactersvJuvenile fiction. 0aHorror tales. 7aHorror fiction.2gsafd1 aStine, R. L.tGoosebumps most wanted ;v5.